000 00305nam a22001457a 4500
008 211013b ||||| |||| 00| 0 eng d
020 _a9780060158095
041 _aeng
080 _a070
082 _a070
100 _a40
101 _aMED
245 _aStading Ovation
_cHumes,J.C
942 _2udc
_cBK
999 _c58206
_d58206